00621nam a22001817a 450000500170000000800410001702000200005804000140007804100060009208200120009810000200011024500390013026000460016930000210021550001600023665500220039665500210041820240918163724.0240918b sa ||||| |||| 00| 1 AFR d a0628015895qhbk aRDAc2000 2A aAF ANDR aAndres, Jacques aNina: Die slavin /cJacques Andres aJohannesburg :bDagbreek-Boekkring,c1979 a157 pagec21 cm. aNina - Die slavin is die derde in Jacques Endres se Nina-verhalee en net so spannend en aangrypend soos Nina - die nimf en den kaptein en Nina en die Sjeik 0aAfrikaans Fiction 0aSuspense Fiction